000 00558nam a2200205Ia 4500
003 LK-CoDNM
005 20241217123611.0
008 121122t1963 xxu||||| |||| 00| 0 sin d
040 _aLK-CoDNM
_dLK-CoDNM
_eLK-CoDNM
041 _asin
080 _a8S-1 14/15
_bWIK
100 _aMartin Wikkramasinghe
245 _aගුත්තිල ගීතය
246 _aGuththila Geethaya
250 _a8th
260 _bThisara Poth Prakashakayo
_aDehiwala
_c1963
300 _b103p. : 18 cm
650 _aපුරාතන පද්‍ය
942 _cBK
999 _c75190
_d75190